[Event "Titled Tue 1st Jul Early"]
[Site "chess.com INT"]
[Date "2025.07.01"]
[Round "10"]
[White "Le, Minh Tu"]
[Black "Leinov, Roman"]
[Result "0-1"]
[WhiteTitle "FM"]
[BlackTitle "CM"]
[WhiteElo "1932"]
[BlackElo "2120"]
[WhiteFideId "12404888"]
[BlackFideId "13504649"]
[EventDate "2025.07.01"]

1. d4 Nf6 2. Bf4 e6 3. e3 b6 4. Nf3 Bb7 5. Bd3 Nh5 6. Bg5 Be7 7. Bxe7 Qxe7 8.
O-O O-O 9. Nbd2 d6 10. c3 Nd7 11. Be4 d5 12. Bd3 Nhf6 13. Ne5 Nxe5 14. dxe5 Nd7
15. f4 f6 16. exf6 Qxf6 17. Nf3 e5 18. Ng5 e4 19. Bxe4 dxe4 20. Qxd7 h6 21. Qe6+
Kh8 22. Qxf6 Rxf6 23. Nh3 Rd8 24. Rfd1 Rfd6 25. Nf2 Rd2 26. b3 R8d6 27. Rxd2
Rxd2 28. Rd1 Rxa2 29. g4 Rc2 30. Rd8+ Kh7 31. g5 hxg5 32. fxg5 Rxc3 33. Ng4 Kg6
34. h4 Kh5 35. Ne5 Kxh4 36. g6 Kg3 37. Kf1 Ba6+ 38. Ke1 Rxe3+ 39. Kd2 Rxb3 40.
Rd7 e3+ 41. Kc2 e2 42. Kd2 Re3 43. Rxg7 0-1

[Event "Titled Tue 1st Jul Early"]
[Site "chess.com INT"]
[Date "2025.07.01"]
[Round "10"]
[White "Vetokhin, Savva"]
[Black "Bukreev, Stanislav"]
[Result "1-0"]
[WhiteTitle "GM"]
[BlackTitle "FM"]
[WhiteElo "2569"]
[BlackElo "2305"]
[WhiteFideId "44144474"]
[BlackFideId "34252347"]
[EventDate "2025.07.01"]

1. d4 e6 2. c4 Nf6 3. Nc3 d5 4. cxd5 Nxd5 5. e4 Nxc3 6. bxc3 c5 7. Rb1 Be7 8.
Nf3 O-O 9. h4 b6 10. h5 h6 11. Rh3 Bb7 12. Bd3 cxd4 13. cxd4 Nd7 14. Rg3 Kh8 15.
e5 Rc8 16. Bf4 f5 17. Qd2 Rf7 18. Bxh6 gxh6 19. Qxh6+ Rh7 20. Qxe6 Nc5 21. Qxf5
Nxd3+ 22. Qxd3 Qd5 23. Ng5 Bxg5 24. Rxg5 Ba6 25. Qe3 Rc2 26. e6 Qd6 27. Qe5+
Qxe5+ 28. Rxe5 Re7 29. d5 Bc4 30. Rd1 Rxa2 31. d6 Rxe6 32. Rxe6 Bxe6 33. d7 Bxd7
34. Rxd7 b5 35. g4 b4 36. Rb7 a5 37. g5 Ra1+ 38. Ke2 Rg1 39. f4 Rg4 40. Kf3 Rg1
41. Ke4 Rc1 42. Kf5 Rc5+ 43. Kg4 Rc8 44. h6 Ra8 45. g6 a4 46. f5 a3 47. f6 a2
48. Rh7+ Kg8 49. f7+ Kf8 50. Rh8+ Ke7 51. Rxa8 b3 52. f8=Q+ Ke6 53. Qf5+ 1-0

[Event "Titled Tue 1st Jul Early"]
[Site "chess.com INT"]
[Date "2025.07.01"]
[Round "10"]
[White "Bozorov, Javohir"]
[Black "Klukin, Kirill"]
[Result "1/2-1/2"]
[WhiteTitle "FM"]
[BlackTitle "IM"]
[WhiteElo "2039"]
[BlackElo "2401"]
[WhiteFideId "14216957"]
[BlackFideId "24199273"]
[EventDate "2025.07.01"]

1. e4 c5 2. Nf3 g6 3. d4 cxd4 4. Qxd4 Nf6 5. Nc3 Nc6 6. Qa4 d6 7. e5 dxe5 8.
Nxe5 Bd7 9. Nxd7 Nxd7 10. Bb5 Bg7 11. Bxc6 bxc6 12. Qxc6 Rc8 13. Qf3 Bxc3+ 14.
bxc3 O-O 15. O-O Qc7 16. Re1 Rfe8 17. Ba3 Qxc3 18. Qxc3 Rxc3 19. Bxe7 Rxc2 20.
a4 f6 21. a5 Kf7 22. Bd6 Re6 23. Bf4 a6 24. Be3 Ne5 25. h3 Nc4 26. Ba7 h5 27.
Reb1 g5 28. Rb7+ Kg6 29. Bb6 Rb2 30. Ra7 Nxb6 31. Rxa6 h4 32. Rxb6 Rbxb6 33.
axb6 Rxb6 34. Ra5 Re6 35. f3 Re2 36. Kf1 Rd2 37. Rb5 Kf7 38. Rb6 Ke7 39. Ra6 Kf7
40. Rb6 Kg6 41. Ra6 Kf5 42. Rb6 Ke5 43. Ra6 Kf4 44. Ra4+ Kg3 45. Rg4+ Kh2 46. f4
Rd4 47. fxg5 Rxg4 48. hxg4 fxg5 49. Kf2 Kh1 50. Kf1 Kh2 51. Kf2 h3 52. gxh3 Kxh3
53. Kf3 Kh4 54. Kf2 Kh3 55. Kf3 Kh4 56. Kf2 Kxg4 57. Kg2 Kf4 58. Kf2 g4 59. Kg2
g3 60. Kg1 Kg4 61. Kg2 Kh4 62. Kg1 Kg5 63. Kg2 Kf4 64. Kg1 Kg4 65. Kg2 Kf4 1/2-1/2

[Event "Titled Tue 1st Jul Early"]
[Site "chess.com INT"]
[Date "2025.07.01"]
[Round "10"]
[White "Svane, Rasmus"]
[Black "Sarana, Alexey"]
[Result "1-0"]
[WhiteTitle "GM"]
[BlackTitle "GM"]
[WhiteElo "2619"]
[BlackElo "2686"]
[WhiteFideId "4657101"]
[BlackFideId "24133795"]
[EventDate "2025.07.01"]

1. Nf3 d5 2. g3 c6 3. Bg2 Bf5 4. O-O Nd7 5. Nh4 Be6 6. d3 Ngf6 7. Nf3 Bf5 8. c4
dxc4 9. dxc4 e5 10. Nc3 Bb4 11. Qb3 Qb6 12. Na4 Qa5 13. a3 Be7 14. Bd2 Qa6 15.
Rac1 O-O 16. Bb4 Rfe8 17. Rfd1 Be4 18. Bxe7 Rxe7 19. Nc3 Bxf3 20. Bxf3 Nc5 21.
Qb4 Qb6 22. Bg2 e4 23. Rc2 Rae8 24. Qxb6 axb6 25. b4 Na6 26. Na4 e3 27. f4 Nd7
28. Bh3 Nab8 29. Rc3 b5 30. cxb5 cxb5 31. Nc5 Nb6 32. Bg2 g6 33. Bxb7 Na4 34.
Nxa4 Rxb7 35. Nc5 Ra7 36. Rdd3 Rae7 37. Kg2 Nc6 38. Kf3 Kg7 39. g4 Ra8 40. Rxe3
Nd4+ 41. Kf2 Rea7 42. Red3 Nc6 43. e3 Ne7 44. h4 Ng8 45. Kf3 Nf6 46. e4 h5 47.
g5 Ng4 48. e5 Kg8 49. Ne4 Nh2+ 50. Kg2 Ng4 51. Nf6+ Nxf6 52. gxf6 Kh7 53. Kf3
Kh6 54. Ke4 Kh7 55. Rd5 Rxa3 56. Rxa3 Rxa3 57. Rxb5 g5 58. fxg5 Rh3 59. e6 fxe6
60. Rb7+ Kg8 61. g6 Rg3 62. Rb8# 1-0

[Event "Titled Tue 1st Jul Early"]
[Site "chess.com INT"]
[Date "2025.07.01"]
[Round "10"]
[White "Khalafvand, Dorsa Sadat"]
[Black "Le Phan Hoang Quan"]
[Result "1-0"]
[WhiteTitle "WCM"]
[BlackTitle "CM"]
[WhiteElo "1985"]
[BlackElo "1968"]
[WhiteFideId "36767522"]
[BlackFideId "12432881"]
[EventDate "2025.07.01"]

1. c4 e6 2. Nc3 Nf6 3. e4 c5 4. e5 Ng4 5. Qxg4 Nc6 6. Nf3 a6 7. Qe4 Qc7 8. d4
cxd4 9. Nxd4 Nxe5 10. Bf4 d6 11. Bxe5 dxe5 12. Nf3 Bd6 13. Bd3 f5 14. Qe2 e4 15.
Nxe4 fxe4 16. Bxe4 O-O 17. O-O Bf4 18. Rfd1 e5 19. Qc2 g6 20. Rd3 Bf5 21. Re1
Rae8 22. Nh4 Bxe4 23. Rxe4 Qc6 24. Qe2 Rd8 25. g3 Rxd3 26. Qxd3 Bh6 27. Rxe5 Bg7
28. Re2 Kh8 29. Ng2 b5 30. cxb5 axb5 31. Nf4 Bxb2 32. Re7 Bf6 33. Re6 Qc1+ 34.
Kg2 Qb2 35. Qe2 Qd4 36. Qxb5 Bg7 37. Qe2 Qd7 38. Re4 Qb7 39. a4 Re8 40. f3 Rf8
41. Nd3 h5 42. a5 Qb5 43. Nf4 Qxe2+ 44. Rxe2 Rf5 45. a6 Ra5 46. Re6 1-0

[Event "Titled Tue 1st Jul Early"]
[Site "chess.com INT"]
[Date "2025.07.01"]
[Round "10"]
[White "Sarveshwaran V"]
[Black "Levitan, Judah Nathan"]
[Result "1-0"]
[WhiteTitle "CM"]
[BlackTitle "CM"]
[WhiteElo "2290"]
[BlackElo "2266"]
[WhiteFideId "25699016"]
[BlackFideId "14332639"]
[EventDate "2025.07.01"]

1. e4 c5 2. Nf3 e6 3. d4 cxd4 4. Nxd4 Nf6 5. Nc3 Nc6 6. Ndb5 Bc5 7. Be2 O-O 8.
O-O d5 9. exd5 exd5 10. Bg5 Be6 11. Bf3 a6 12. Bxf6 Qxf6 13. Nc7 Rad8 14. N7xd5
Bxd5 15. Nxd5 Qxb2 16. Qb1 Qxb1 17. Raxb1 b5 18. Nf6+ gxf6 19. Bxc6 Rd2 20. Be4
Re8 21. Bd3 Kf8 22. g3 Re6 23. Kg2 Ke7 24. h4 h5 25. Kf3 Kd6 26. Ra1 Kc6 27. a4
b4 28. a5 Bd4 29. Rab1 Kc5 30. Rbd1 Rxd1 31. Rxd1 Kd5 32. Kf4 Rc6 33. Be4+ Kc5
34. Rxd4 Re6 35. Rd5+ Kc4 36. Rxh5 Kc3 37. Rc5+ Kb2 38. h5 Re8 39. h6 Ka3 40. h7
Rd8 41. Rc6 Ka4 42. Rxa6 Kb5 43. Rxf6 Kxa5 44. Rf5+ Ka4 45. Rd5 Rf8 46. Rg5 Rh8
47. Rg8 1-0

[Event "Titled Tue 1st Jul Early"]
[Site "chess.com INT"]
[Date "2025.07.01"]
[Round "10"]
[White "Rosen, Eric"]
[Black "Preobrazhenskaya, Diana"]
[Result "0-1"]
[WhiteTitle "IM"]
[BlackTitle "WFM"]
[WhiteElo "2377"]
[BlackElo "2029"]
[WhiteFideId "2032562"]
[BlackFideId "34270566"]
[EventDate "2025.07.01"]

1. e3 e5 2. d4 exd4 3. exd4 d5 4. Nc3 Nf6 5. Bd3 Bd6 6. Bg5 Be6 7. Nge2 h6 8.
Bh4 c6 9. Qd2 b5 10. f3 b4 11. Na4 Nbd7 12. Bg3 Bxg3+ 13. hxg3 Qa5 14. b3 c5 15.
a3 Rb8 16. dxc5 Nxc5 17. Nxc5 Qxc5 18. axb4 Rxb4 19. Rxa7 O-O 20. Ra6 Rfb8 21.
g4 Ne4 22. fxe4 dxe4 23. Nf4 exd3 24. Nxd3 Re4+ 25. Kd1 Bxg4+ 26. Kc1 Qb5 27.
Ra7 Rc8 28. Qf2 Be6 29. Kb2 Rg4 30. Re1 Rg6 31. Re5 Qc6 32. Raa5 Qd7 33. Rac5
Rb8 34. Rc3 Ra8 35. Qc5 Qb7 36. Kc1 Ra1+ 37. Kb2 Ra8 38. Qf2 Rxg2 39. Qf4 Qa7
40. Rcc5 Qa3+ 41. Kc3 Qa1+ 42. Kb4 Qa7 43. Kc3 Qa1+ 44. Kb4 Rb8+ 45. Rb5 Rc8 46.
Rec5 Ra8 47. c4 Rg4 48. Qxg4 Bxg4 49. Ne5 Qa3+ 50. Kc3 Qc1+ 51. Kd4 Qd1+ 52. Kc3
Qa1+ 53. Kb4 Qe1# 0-1

[Event "Titled Tue 1st Jul Early"]
[Site "chess.com INT"]
[Date "2025.07.01"]
[Round "10"]
[White "Smieszek, Wojciech"]
[Black "Weetik, Vjacheslav"]
[Result "0-1"]
[WhiteTitle "CM"]
[BlackTitle "FM"]
[WhiteElo "2141"]
[BlackElo "2423"]
[WhiteFideId "1156047"]
[BlackFideId "4153472"]
[EventDate "2025.07.01"]

1. e4 c5 2. Nf3 Nc6 3. d4 cxd4 4. Nxd4 Nf6 5. Nc3 e5 6. Ndb5 d6 7. Nd5 Nxd5 8.
exd5 Ne7 9. c3 Nf5 10. a4 Be7 11. Be2 Nh4 12. O-O O-O 13. Be3 a6 14. Na3 f5 15.
Nc4 f4 16. Bb6 Qe8 17. f3 Qg6 18. Rf2 Bf5 19. Kh1 e4 20. Qg1 e3 21. Rff1 Rac8
22. g3 Bd3 23. Bxd3 Qxd3 24. gxh4 Rxc4 25. Bd4 Bf6 26. Bxf6 Rxf6 27. h5 Qxd5 28.
Qg4 Qf5 29. Qh4 Rc8 30. Rg1 h6 31. Rg2 Re8 32. Rag1 Re7 33. Qe1 Kh7 34. c4 Qxh5
35. b4 Qxf3 36. Qb1+ Qe4 37. Qf1 g5 38. h4 f3 39. Rg4 Qf5 40. hxg5 Rg6 41. gxh6
Rxg4 42. Rxg4 Qxg4 43. Qd3+ Qe4 44. Qxd6 f2+ 45. Kh2 Qh4+ 46. Kg2 Qg4+ 47. Kh2
Qh5+ 48. Kg2 Rf7 49. Qd3+ Qg6+ 50. Qxg6+ Kxg6 51. h7 Rxh7 0-1

[Event "Titled Tue 1st Jul Early"]
[Site "chess.com INT"]
[Date "2025.07.01"]
[Round "10"]
[White "Kozak, Adam"]
[Black "Le, Tuan Minh"]
[Result "1-0"]
[WhiteTitle "GM"]
[BlackTitle "GM"]
[WhiteElo "2589"]
[BlackElo "2598"]
[WhiteFideId "753246"]
[BlackFideId "12401153"]
[EventDate "2025.07.01"]

1. Nf3 d5 2. b3 c5 3. Bb2 Nc6 4. e3 a6 5. d4 Nf6 6. Nbd2 Bg4 7. h3 Bxf3 8. Nxf3
e6 9. Bd3 cxd4 10. Nxd4 Bb4+ 11. c3 Bd6 12. Nxc6 bxc6 13. O-O O-O 14. c4 a5 15.
Rc1 a4 16. bxa4 Nd7 17. cxd5 cxd5 18. Bb5 Ne5 19. Qd4 f6 20. e4 Ng6 21. exd5 Be5
22. Qd2 exd5 23. Rcd1 Kh8 24. Ba3 Bd6 25. Bxd6 Qxd6 26. Qxd5 Qc7 27. Qe4 f5 28.
Qc6 Qe7 29. Rd7 Qg5 30. Qc3 Nf4 31. Qg3 Qh6 32. Re1 Ng6 33. Rd6 Rac8 34. a5 f4
35. Qg4 Rc5 36. Qd7 Qg5 37. a4 f3 38. g3 Rc2 39. Rd5 Qf6 40. Qd6 Qb2 41. Rf5 Rg8
42. Rxf3 Rd2 43. Qc5 Rc2 44. Qe3 Rc7 45. a6 Re7 46. Qxe7 Nxe7 47. Rxe7 Qb4 48.
Rfe3 h5 49. Re8 Rxe8 50. Rxe8+ Kh7 51. a7 Qb1+ 52. Kg2 1-0

[Event "Titled Tue 1st Jul Early"]
[Site "chess.com INT"]
[Date "2025.07.01"]
[Round "10"]
[White "Ismagilov, Damir"]
[Black "Leiva, Gianmarco"]
[Result "0-1"]
[WhiteTitle "CM"]
[BlackTitle "IM"]
[WhiteElo "2173"]
[BlackElo "2387"]
[WhiteFideId "34199982"]
[BlackFideId "3804399"]
[EventDate "2025.07.01"]

1. d4 d5 2. c4 e6 3. Nc3 a6 4. cxd5 exd5 5. Qb3 Bd6 6. Qxd5 Nf6 7. Qb3 O-O 8.
Nf3 c5 9. dxc5 Bxc5 10. Bg5 Be6 11. Qc2 Nc6 12. e3 Nb4 13. Qb1 Nbd5 14. Be2 Qa5
15. O-O Nxc3 16. bxc3 Nd5 17. c4 Nc3 18. Qc2 Nxe2+ 19. Qxe2 Rac8 20. a4 Rfe8 21.
Rfc1 Bb4 22. Qd3 Bf5 23. Qb3 Be4 24. Bh4 Bd6 25. Bg3 Be7 26. Nd4 Bf6 27. f3 Bg6
28. Bf2 Re7 29. Rd1 Rce8 30. Rac1 Qc5 31. e4 Qc7 32. c5 Be5 33. g3 Bf6 34. c6 b6
35. Nf5 Bxf5 36. Bxb6 Qc8 37. exf5 Qxf5 38. Qd3 Re1+ 39. Kf2 Qxd3 40. Rxe1 Qd2+
41. Kf1 Rxe1+ 42. Rxe1 Qd3+ 43. Re2 Qxf3+ 44. Bf2 Qxc6 45. Rd2 Qh1+ 46. Ke2 Qe4+
47. Be3 Bg5 48. Rd3 h5 49. h4 Bxe3 50. Rxe3 Qc4+ 51. Kf3 Qg4+ 52. Kf2 Qxa4 53.
Re5 Qa2+ 54. Re2 Qxe2+ 55. Kxe2 f6 0-1

[Event "Titled Tue 1st Jul Early"]
[Site "chess.com INT"]
[Date "2025.07.01"]
[Round "10"]
[White "Manukian, Artak"]
[Black "Guliev, Gasan"]
[Result "1-0"]
[BlackTitle "CM"]
[WhiteElo "2104"]
[BlackElo "2123"]
[WhiteFideId "13301373"]
[BlackFideId "34165638"]
[EventDate "2025.07.01"]

1. e4 c5 2. Nf3 Nc6 3. c3 e6 4. d4 d5 5. e5 Qb6 6. a3 c4 7. Nbd2 Na5 8. Rb1 Bd7
9. g3 Ne7 10. Bh3 h6 11. Nf1 O-O-O 12. Ne3 g5 13. Bg2 Ng6 14. h4 Be7 15. h5 Nf8
16. Ng4 Qb3 17. Qxb3 cxb3 18. Bf1 a6 19. Be3 Nc4 20. Nd2 Nxd2 21. Kxd2 Ba4 22.
Be2 Nd7 23. f4 Rdg8 24. Rbf1 f5 25. exf6 Nxf6 26. Nxf6 Bxf6 27. fxg5 Bxg5 28. g4
Bd7 29. Rf7 Be8 30. Rf2 Bd7 31. Rf7 Be8 32. Rf2 Bd7 33. Rhf1 Kc7 34. Rf7 Kd6 35.
Bxg5 Rxg5 36. Rf8 Rxf8 37. Rxf8 e5 38. Rf6+ Ke7 39. dxe5 Bxg4 40. Bxg4 Rxg4 41.
Rxh6 Rg2+ 42. Kd3 Rxb2 43. Rb6 Rh2 44. Rxb3 b5 45. Kd4 Ke6 46. a4 Rh4+ 47. Kd3
Rxa4 48. Rb4 Ra1 49. Rh4 Rg1 50. h6 Rg8 51. h7 Rh8 52. Kd4 a5 53. Rh6+ Kf5 54.
Kxd5 a4 55. e6 a3 56. e7 a2 57. Ra6 1-0

[Event "Titled Tue 1st Jul Early"]
[Site "chess.com INT"]
[Date "2025.07.01"]
[Round "10"]
[White "Mecit, Emre"]
[Black "Tyukhanov, Alexey"]
[Result "0-1"]
[BlackTitle "CM"]
[WhiteElo "2007"]
[BlackElo "2218"]
[WhiteFideId "6304214"]
[BlackFideId "24149829"]
[EventDate "2025.07.01"]

1. e4 c6 2. d4 d5 3. exd5 cxd5 4. c4 Nf6 5. Nc3 e6 6. Nf3 Bb4 7. cxd5 exd5 8.
Bd3 Bxc3+ 9. bxc3 O-O 10. O-O Bg4 11. h3 Bh5 12. Re1 Nbd7 13. Bf4 Rc8 14. Qb3
Bxf3 15. gxf3 Qb6 16. Qxb6 Nxb6 17. Rec1 Nc4 18. a4 Rfe8 19. a5 Re6 20. Rcb1 Re7
21. a6 b6 22. Rb4 h6 23. Bxc4 dxc4 24. Rb5 Rd7 25. Re1 Nd5 26. Bd2 f6 27. Kg2
Kf7 28. f4 Nc7 29. Rbb1 Nxa6 30. f5 Nc7 31. Kf3 Nd5 32. Re6 Re8 33. Rc6 Ree7 34.
Rxc4 Rc7 35. Rxc7 Rxc7 36. Rb3 a5 37. Ke4 a4 38. Ra3 Rd7 39. Rxa4 Nc7 40. Rb4 b5
41. Bf4 Nd5 42. Rb3 Ke8 43. Bd2 Nc7 44. Kd3 Rd5 45. Ke4 Kd7 46. Rb4 Kc6 47. c4
Rd7 48. cxb5+ Nxb5 49. Rc4+ Kb7 50. d5 Nd6+ 51. Kd4 Nxc4 52. Kxc4 Kb6 53. Be3+
Kc7 54. Kc5 Kd8 55. Bf4 Ra7 56. d6 Kd7 57. Be3 Ra5+ 58. Kd4 Rxf5 59. Ke4 Re5+
60. Kf4 Kxd6 61. Bd2 Ke6 62. Bb4 Rh5 63. Kg4 Rd5 64. Bf8 h5+ 65. Kh4 g6 66. Kg3
Kf5 67. Bb4 Rd3+ 68. f3 g5 69. Be7 g4 70. hxg4+ hxg4 71. Kg2 Rxf3 0-1

[Event "Titled Tue 1st Jul Early"]
[Site "chess.com INT"]
[Date "2025.07.01"]
[Round "10"]
[White "Raptis, Nick"]
[Black "Zong, Davis"]
[Result "0-1"]
[WhiteTitle "FM"]
[BlackTitle "FM"]
[WhiteElo "2220"]
[BlackElo "2242"]
[WhiteFideId "2016850"]
[BlackFideId "30903955"]
[EventDate "2025.07.01"]

1. d4 d5 2. Nc3 c6 3. e4 dxe4 4. Nxe4 Bf5 5. Ng3 Bg6 6. Nf3 Nf6 7. h4 h6 8. Ne5
Bh7 9. Bc4 e6 10. Qe2 Qc7 11. Bf4 Qa5+ 12. c3 Nd5 13. Bd2 Be7 14. Nh5 Rg8 15.
Qf3 f6 16. Nd3 Nd7 17. Nhf4 Nf8 18. O-O-O O-O-O 19. Rhe1 Rd6 20. Bb3 g5 21. hxg5
hxg5 22. Nxd5 cxd5 23. g4 Be4 24. Rxe4 dxe4 25. Qxe4 Kb8 26. f4 Rh8 27. fxg5
fxg5 28. Ne5 Qc7 29. Nf7 Rh2 30. Nxd6 Qxd6 31. Re1 a6 32. Bxe6 Qg3 33. Qe5+ Qxe5
34. dxe5 Nxe6 35. Rf1 Kc7 36. Rf7 Kd7 37. Rf1 Re2 38. Rd1 Kc6 39. Kc2 Rxe5 40.
Kb3 Nc5+ 41. Kc2 Re4 42. Be1 Rxg4 43. Bf2 Rg2 44. Re1 Rxf2+ 45. Kb1 Bd6 46. Rg1
Bf4 47. Rh1 g4 48. Rh7 g3 49. Rg7 g2 50. b4 Na4 51. c4 Nc3+ 52. Ka1 Rxa2# 0-1

[Event "Titled Tue 1st Jul Early"]
[Site "chess.com INT"]
[Date "2025.07.01"]
[Round "10"]
[White "Mikhailova, Irina"]
[Black "Nikulina, Alena"]
[Result "0-1"]
[WhiteTitle "WGM"]
[BlackTitle "WFM"]
[WhiteElo "2143"]
[BlackElo "1875"]
[WhiteFideId "4109040"]
[BlackFideId "4172051"]
[EventDate "2025.07.01"]

1. d4 d5 2. Nf3 Nf6 3. c4 dxc4 4. e3 a6 5. Bxc4 e6 6. Qe2 Be7 7. O-O O-O 8. Rd1
b5 9. Bd3 Bb7 10. a4 b4 11. Nbd2 Nbd7 12. Nc4 Ne4 13. Nfd2 Ndf6 14. Nxe4 Nxe4
15. f3 Nd6 16. b3 a5 17. Bb2 Nxc4 18. Bxc4 Bd6 19. e4 Bf4 20. g3 Bd6 21. Rd2 Qg5
22. Rad1 Rad8 23. Kg2 h5 24. e5 Be7 25. d5 exd5 26. Bxd5 Bxd5 27. Rxd5 Rxd5 28.
Rxd5 Rd8 29. Rxd8+ Bxd8 30. e6 fxe6 31. Qxe6+ Kh7 32. Qe4+ Qg6 33. Kf2 Qxe4 34.
fxe4 g5 35. h3 Kg6 36. g4 hxg4 37. hxg4 Kf7 38. Be5 c6 39. Ke3 Ke6 40. Bd4 Bc7
41. Kd3 Kd6 42. Kc4 Ke6 43. Kc5 Kd7 44. e5 Bd8 45. Kc4 Ke6 46. Kc5 Kd7 47. Kc4
Be7 48. Bc5 Bd8 49. Bd6 Ke6 50. Kc5 Kf7 51. Kxc6 Ke6 0-1

[Event "Titled Tue 1st Jul Early"]
[Site "chess.com INT"]
[Date "2025.07.01"]
[Round "10"]
[White "Gavarrete, Nahun"]
[Black "Berg, Vadim Daskevich"]
[Result "0-1"]
[WhiteTitle "FM"]
[BlackTitle "IM"]
[WhiteElo "2281"]
[BlackElo "2445"]
[WhiteFideId "8400709"]
[BlackFideId "11601965"]
[EventDate "2025.07.01"]

1. e4 c5 2. Nc3 a6 3. a4 Nc6 4. g3 g6 5. Bg2 Bg7 6. Nge2 d6 7. O-O Nf6 8. d3 O-O
9. h3 Nd4 10. Nxd4 cxd4 11. Ne2 e5 12. f4 Bd7 13. fxe5 dxe5 14. Bg5 Qb6 15. a5
Qd6 16. Qd2 Rfc8 17. Rf2 Rc6 18. Raf1 Qe7 19. Nxd4 exd4 20. e5 Qxe5 21. Bxc6
Bxc6 22. Bxf6 Qxg3+ 23. Rg2 Bxg2 24. Qxg2 Qe3+ 25. Qf2 Qxf2+ 26. Rxf2 Bxf6 27.
Rxf6 Rc8 28. Rb6 Rxc2 29. Rxb7 Rd2 30. Rb3 f5 31. Kf1 Kg7 32. Ke1 Rh2 33. Rb4 g5
34. b3 Ra2 35. Rxd4 Rxa5 36. Rd7+ Kg6 37. Rd6+ Kh5 38. Kf2 Rb5 39. Rxa6 Rxb3 40.
Rd6 g4 41. hxg4+ Kxg4 42. d4 Kf4 43. Rh6 Rb2+ 44. Kf1 Ke4 45. Rxh7 f4 46. Rf7
Kf3 47. Ke1 Rb4 48. d5 Rd4 49. Rf5 Ke4 50. Rh5 Ke3 51. Re5+ Kf3 52. Rh5 Ra4 53.
d6 Ra1+ 54. Kd2 Ra6 55. Rd5 Ra8 56. d7 Rd8 57. Rd3+ Kf2 58. Kc3 f3 59. Kc4 Ke2
60. Rd6 f2 61. Re6+ Kd1 62. Rd6+ Ke1 63. Re6+ Kd2 64. Rd6+ Kc1 65. Rf6 Rxd7 66.
Rxf2 Rc7+ 67. Kd5 Kd1 68. Kd6 Ra7 69. Rf7 Rxf7 70. Ke6 Ra7 71. Ke5 Ra4 72. Kd6
Kd2 73. Kc5 Kc3 74. Kb5 Rh4 75. Kc5 Rh5+ 76. Kd6 Kd4 77. Ke7 Ke5 78. Kf8 Rh7 79.
Kg8 Ra7 80. Kh8 Kf6 81. Kg8 Rb7 82. Kh8 Kg6 83. Kg8 Rb8# 0-1

[Event "Titled Tue 1st Jul Early"]
[Site "chess.com INT"]
[Date "2025.07.01"]
[Round "10"]
[White "Mayaud, Raphael"]
[Black "Arya G Mallar"]
[Result "1-0"]
[WhiteTitle "CM"]
[BlackTitle "WCM"]
[WhiteElo "2126"]
[BlackElo "2000"]
[WhiteFideId "627151"]
[BlackFideId "25115324"]
[EventDate "2025.07.01"]

1. c4 c5 2. g3 Nf6 3. Bg2 Nc6 4. Nc3 g6 5. Nf3 d5 6. cxd5 Nxd5 7. O-O Bg7 8.
Nxd5 Qxd5 9. d3 O-O 10. Qb3 Qxb3 11. axb3 a6 12. Nd2 Nd4 13. e3 Nxb3 14. Nxb3
Rd8 15. Nxc5 Rb8 16. d4 b6 17. Nb3 a5 18. f4 Ba6 19. Re1 Bc4 20. Nd2 Be6 21. Nf3
Rbc8 22. Bd2 Rc2 23. Bc3 b5 24. Rxa5 b4 25. Bxb4 Rxb2 26. Bxe7 Rc8 27. Bc5 h6
28. Raa1 Kh7 29. Reb1 Rc2 30. Rc1 Re2 31. Re1 Rc2 32. Rac1 Rb2 33. Ne5 Rcb8 34.
Be4 Ra2 35. Ra1 Rab2 36. Rec1 Re2 37. Re1 Rd2 38. Rab1 Rc8 39. Red1 Ra2 40. Ra1
Re2 41. Rd3 Rb8 42. Bf3 Rc2 43. Bd1 Rcb2 44. g4 Bd5 45. e4 Bxe4 46. Re3 Rg2+ 47.
Kf1 Bd5 48. Bf3 Bxf3 49. Nxf3 Rbb2 50. Rd1 Rxg4 51. Bd6 h5 52. Be5 Bxe5 53. fxe5
Rgg2 54. d5 Rgf2+ 55. Ke1 Rg2 56. d6 Rb3 57. Rxb3 1-0

[Event "Titled Tue 1st Jul Early"]
[Site "chess.com INT"]
[Date "2025.07.01"]
[Round "10"]
[White "Levitan, Caleb Levi"]
[Black "Paltrinieri, Nicholas"]
[Result "1-0"]
[WhiteTitle "FM"]
[BlackTitle "FM"]
[WhiteElo "2399"]
[BlackElo "2359"]
[WhiteFideId "14332620"]
[BlackFideId "828262"]
[EventDate "2025.07.01"]

1. e4 g6 2. d4 Bg7 3. Nc3 d6 4. Bf4 Nd7 5. Qd2 e5 6. dxe5 dxe5 7. Be3 c6 8. Bc4
Ngf6 9. f3 b5 10. Bb3 a5 11. a4 b4 12. Nce2 O-O 13. O-O-O Qe7 14. Qd6 Qxd6 15.
Rxd6 Bb7 16. Nh3 h6 17. Rhd1 Nb8 18. Nf2 Re8 19. Nd3 Na6 20. Nc5 Nxc5 21. Bxc5
Rac8 22. Rd7 Nxd7 23. Rxd7 Ba6 24. Bxf7+ Kh8 25. Bxe8 Rxe8 26. Kd2 h5 27. Nc1
Bf1 28. g3 Bh6+ 29. Be3 Bf8 30. Nd3 b3 31. Nxe5 bxc2 32. Kxc2 Re6 33. Bd4 Kg8
34. Rd8 c5 35. Bxc5 Rxe5 36. Rxf8+ Kg7 37. Bd4 Kxf8 38. Bxe5 Bg2 39. Bc7 Bxf3
40. e5 Ke7 41. Bxa5 Ke6 42. Bc3 Bc6 43. Kb3 Kd5 44. Kb4 Bd7 45. a5 Kc6 46. Kc4
Be6+ 47. Kd4 Kb5 48. Ke3 g5 49. h4 gxh4 50. gxh4 Bc8 51. Kf4 Kc4 52. Kg5 Kd5 53.
Kxh5 Ke6 54. Kg5 Ba6 55. h5 Kf7 56. h6 Bd3 57. Kf4 Kg6 58. e6 Kxh6 59. Ke5 Kg7
60. Kd6+ Kf8 61. Kd7 Bb5+ 62. Kd8 Ba4 63. a6 Bc6 64. a7 Bb5 1-0

[Event "Titled Tue 1st Jul Early"]
[Site "chess.com INT"]
[Date "2025.07.01"]
[Round "10"]
[White "Szalay-Ocsak, Bank"]
[Black "Shinkarev, Mikhailo"]
[Result "1-0"]
[WhiteTitle "FM"]
[BlackTitle "IM"]
[WhiteElo "2209"]
[BlackElo "2109"]
[WhiteFideId "784923"]
[BlackFideId "4145348"]
[EventDate "2025.07.01"]

1. e4 e5 2. Nf3 d6 3. d4 Nd7 4. Nc3 c6 5. Be2 Ngf6 6. O-O b5 7. a3 a6 8. Re1 Be7
9. h3 O-O 10. Bf1 Qc7 11. g3 Re8 12. Bg2 Bf8 13. a4 Bb7 14. axb5 axb5 15. Rxa8
Bxa8 16. d5 cxd5 17. exd5 b4 18. Nb5 Qb6 19. c4 bxc3 20. Nxc3 Qa5 21. Nh2 Nb6
22. Bd2 Nc4 23. Ng4 Nxg4 24. hxg4 Nxb2 25. Qc2 Nc4 26. Be3 Nxe3 27. Rxe3 Rc8 28.
Qd3 Bb7 29. Ne4 Ba6 30. Qb3 Bc4 31. Qb7 Rc7 32. Qb8 Qa7 33. Qd8 h6 34. Rc3 Rd7
35. Qc8 Bxd5 36. Nf6+ gxf6 37. Bxd5 Re7 38. Rc1 Qd7 39. Qc2 e4 40. Bxe4 Qxg4 41.
Bh7+ Kg7 42. Bf5 Qf3 43. Qd3 Qxd3 44. Bxd3 d5 45. Kf1 Rb7 46. Ke2 Bd6 47. Rc2
Be5 48. Kf3 Rb3 49. Ke2 f5 50. Rd2 Kf6 51. f4 Bc3 52. Rc2 d4 53. Bc4 h5 54. Bxb3
Bb4 55. Bc4 Bc3 56. Bd3 Bb4 57. Ra2 h4 58. Ra6+ Kg7 59. gxh4 Be7 60. Kf3 Bxh4
61. Bxf5 Bf6 62. Ke4 Bh4 63. Ra7 Bf2 64. Be6 Kf6 65. Bc4 d3 66. Rxf7+ Kg6 67.
Kxd3 Bg3 68. Ke4 Bf2 69. Rb7 Kf6 70. Bf1 Bg1 71. Rc7 Ke6 72. Rc6+ Kd7 73. Rg6
Ke7 74. Rxg1 1-0